[Event "Hoogeveen Amateur 1"]
[Site "Hoogeveen, Netherlands"]
[Date "2018.10.21"]
[Round "2.2"]
[White "Winkel, Ruud"]
[Black "Lootsma, Jan"]
[Result "1-0"]
[WhiteElo "1738"]
[BlackElo "1976"]

1. f4 {[%clk 01:30:55]} {[%emt 00:00:04]} d5 {[%clk 01:30:29]} {[%emt
00:00:32]} 2. Nf3 {[%clk 01:31:18]} {[%emt 00:00:06]} c5 {[%clk 01:30:35]}
{[%emt 00:00:25]} 3. e3 {[%clk 01:31:37]} {[%emt 00:00:10]} Nc6 {[%clk
01:30:26]} {[%emt 00:00:40]} 4. d3 {[%clk 01:31:44]} {[%emt 00:00:22]} Nf6
{[%clk 01:29:09]} {[%emt 00:01:48]} 5. Be2 {[%clk 01:32:01]} {[%emt 00:00:13]}
e6 {[%clk 01:28:56]} {[%emt 00:00:43]} 6. O-O {[%clk 01:32:14]} {[%emt
00:00:15]} Be7 {[%clk 01:29:07]} {[%emt 00:00:21]} 7. Nc3 {[%clk 01:32:14]}
{[%emt 00:00:29]} a6 {[%clk 01:29:16]} {[%emt 00:00:22]} 8. e4 {[%clk
01:32:08]} {[%emt 00:00:35]} d4 {[%clk 01:29:13]} {[%emt 00:00:34]} 9. Nb1
{[%clk 01:32:19]} {[%emt 00:00:19]} b5 {[%clk 01:29:20]} {[%emt 00:00:23]} 10.
a4 {[%clk 01:14:19]} {[%emt 00:18:30]} Bb7 {[%clk 01:28:57]} {[%emt 00:00:53]}
11. Na3 {[%clk 01:11:21]} {[%emt 00:03:28]} Qb6 {[%clk 01:28:12]} {[%emt
00:01:15]} 12. Kh1 {[%clk 01:11:12]} {[%emt 00:00:38]} O-O {[%clk 01:28:03]}
{[%emt 00:00:40]} 13. Bd2 {[%clk 01:11:14]} {[%emt 00:00:28]} Rfd8 {[%clk
01:26:34]} {[%emt 00:02:00]} 14. Qe1 {[%clk 01:09:40]} {[%emt 00:02:03]} Rac8
{[%clk 01:23:43]} {[%emt 00:03:22]} 15. Ne5 {[%clk 01:06:18]} {[%emt 00:03:51]}
c4 {[%clk 01:10:51]} {[%emt 00:13:21]} 16. Bf3 {[%clk 01:01:57]} {[%emt
00:04:50]} Bxa3 {[%clk 00:52:34]} {[%emt 00:18:48]} 17. Nxc6 {[%clk 00:43:57]}
{[%emt 00:18:29]} Qxc6 {[%clk 00:46:30]} {[%emt 00:06:36]} 18. axb5 {[%clk
00:42:07]} {[%emt 00:02:20]} Qxb5 {[%clk 00:44:15]} {[%emt 00:02:44]} 19. bxa3
{[%clk 00:35:42]} {[%emt 00:06:56]} cxd3 {[%clk 00:30:00]} {[%emt 00:14:45]} 20.
Rb1 {[%clk 00:34:04]} {[%emt 00:02:07]} Qd7 {[%clk 00:29:58]} {[%emt 00:00:32]}
21. cxd3 {[%clk 00:33:04]} {[%emt 00:01:30]} Bc6 {[%clk 00:29:02]} {[%emt
00:01:27]} 22. Qe2 {[%clk 00:23:04]} {[%emt 00:10:30]} Bb5 {[%clk 00:28:13]}
{[%emt 00:01:19]} 23. Ba5 {[%clk 00:20:25]} {[%emt 00:03:09]} Re8 {[%clk
00:28:01]} {[%emt 00:00:42]} 24. Rfc1 {[%clk 00:20:20]} {[%emt 00:00:33]} h6
{[%clk 00:26:49]} {[%emt 00:01:43]} 25. Rc2 {[%clk 00:16:00]} {[%emt 00:04:51]}
Rxc2 {[%clk 00:25:26]} {[%emt 00:01:53]} 26. Qxc2 {[%clk 00:16:28]} {[%emt
00:00:03]} Rc8 {[%clk 00:25:38]} {[%emt 00:00:17]} 27. Qd2 {[%clk 00:15:16]}
{[%emt 00:01:41]} Qc6 {[%clk 00:22:19]} {[%emt 00:03:50]} 28. h3 {[%clk
00:13:51]} {[%emt 00:01:55]} Kh7 {[%clk 00:11:27]} {[%emt 00:11:22]} 29. Kh2
{[%clk 00:12:54]} {[%emt 00:01:26]} Qc2 {[%clk 00:08:57]} {[%emt 00:03:01]} 30.
Rd1 {[%clk 00:09:28]} {[%emt 00:03:56]} Nd7 {[%clk 00:05:37]} {[%emt 00:03:51]}
31. Bb4 {[%clk 00:07:36]} {[%emt 00:02:22]} Qc7 {[%clk 00:04:29]} {[%emt
00:01:37]} 32. e5 {[%clk 00:07:10]} {[%emt 00:00:56]} Ba4 {[%clk 00:04:22]}
{[%emt 00:00:38]} 33. Ba5 {[%clk 00:04:26]} {[%emt 00:03:13]} Qc5 {[%clk
00:03:21]} {[%emt 00:01:31]} 34. Bb4 {[%clk 00:04:43]} {[%emt 00:00:13]} Qb5
{[%clk 00:03:22]} {[%emt 00:00:30]} 35. Be4+ {[%clk 00:04:38]} {[%emt
00:00:34]} g6 {[%clk 00:03:40]} {[%emt 00:00:12]} 36. Rc1 {[%clk 00:04:45]}
{[%emt 00:00:23]} Rxc1 {[%clk 00:03:22]} {[%emt 00:00:49]} 37. Qxc1 {[%clk
00:05:13]} {[%emt 00:00:01]} a5 {[%clk 00:03:13]} {[%emt 00:00:40]} 38. Bd6
{[%clk 00:04:30]} {[%emt 00:01:12]} Qb3 {[%clk 00:01:20]} {[%emt 00:02:23]} 39.
Qc8 {[%clk 00:04:18]} {[%emt 00:00:43]} Qc3 {[%clk 00:01:14]} {[%emt 00:00:36]}
40. Qe8 {[%clk 00:03:50]} {[%emt 00:00:57]} Kg7 {[%clk 00:01:06]} {[%emt
00:00:39]} 41. Be7 {[%clk 00:03:23]} {[%emt 00:00:55]} Qc2 {[%clk 00:25:51]}
{[%emt 00:05:46]} 42. Qd8 {[%clk 00:27:11]} {[%emt 00:06:42]} Qd2 {[%clk
00:21:47]} {[%emt 00:04:35]} 43. Bf6+ {[%clk 00:22:20]} {[%emt 00:05:21]} Nxf6
{[%clk 00:22:04]} {[%emt 00:00:13]} 44. exf6+ {[%clk 00:18:16]} {[%emt
00:04:33]} Kh7 {[%clk 00:22:17]} {[%emt 00:00:18]} 45. Qxd4 {[%clk 00:11:58]}
{[%emt 00:06:48]} Qxf4+ {[%clk 00:20:46]} {[%emt 00:02:02]} 46. Kg1 {[%clk
00:11:24]} {[%emt 00:01:02]} Qc1+ {[%clk 00:20:08]} {[%emt 00:01:10]} 47. Kh2
{[%clk 00:09:43]} {[%emt 00:02:10]} Qxa3 {[%clk 00:16:56]} {[%emt 00:03:43]} 48.
Qd8 {[%clk 00:08:33]} {[%emt 00:01:39]} Qc5 {[%clk 00:10:18]} {[%emt 00:07:08]}
49. d4 {[%clk 00:08:00]} {[%emt 00:01:02]} Qb4 {[%clk 00:07:49]} {[%emt
00:03:00]} 50. Qc7 {[%clk 00:05:58]} {[%emt 00:02:31]} Kg8 {[%clk 00:05:45]}
{[%emt 00:02:35]} 51. Bxg6 {[%clk 00:05:22]} {[%emt 00:01:06]} Be8 {[%clk
00:04:47]} {[%emt 00:01:29]} 52. Be4 {[%clk 00:05:15]} {[%emt 00:00:36]} Qxd4
{[%clk 00:04:16]} {[%emt 00:01:01]} 53. Qg3+ {[%clk 00:05:30]} {[%emt
00:00:15]} Qd8 {[%emt 00:01:08]} 1-0

[Event "Hoogeveen Amateur 1"]
[Site "Hoogeveen, Netherlands"]
[Date "2018.10.21"]
[Round "2.3"]
[White "Van Der Graaf, Jaap"]
[Black "Jutba, Alvin"]
[Result "1-0"]
[WhiteElo "1705"]
[BlackElo "1910"]

1. e4 {[%clk 01:30:55]} {[%emt 00:00:05]} d5 {[%clk 01:30:06]} {[%emt
00:00:54]} 2. Nc3 {[%clk 01:31:15]} {[%emt 00:00:11]} d4 {[%clk 01:29:37]}
{[%emt 00:00:59]} 3. Nce2 {[%clk 01:31:40]} {[%emt 00:00:04]} e5 {[%clk
01:29:45]} {[%emt 00:00:23]} 4. Ng3 {[%clk 01:32:05]} {[%emt 00:00:05]} Bd6
{[%clk 01:29:34]} {[%emt 00:00:41]} 5. Bc4 {[%clk 01:31:54]} {[%emt 00:00:41]}
Nf6 {[%clk 01:29:21]} {[%emt 00:00:42]} 6. d3 {[%clk 01:32:14]} {[%emt
00:00:11]} h6 {[%clk 01:29:18]} {[%emt 00:00:32]} 7. N1e2 {[%clk 01:31:34]}
{[%emt 00:01:10]} c5 {[%clk 01:29:35]} {[%emt 00:00:13]} 8. O-O {[%clk
01:29:37]} {[%emt 00:02:27]} Nc6 {[%clk 01:30:00]} {[%emt 00:00:06]} 9. a3
{[%clk 01:29:39]} {[%emt 00:00:28]} O-O {[%clk 01:28:57]} {[%emt 00:01:32]} 10.
f4 {[%clk 01:29:19]} {[%emt 00:00:51]} a6 {[%clk 01:25:24]} {[%emt 00:04:03]}
11. h3 {[%clk 01:24:32]} {[%emt 00:05:17]} b5 {[%clk 01:21:46]} {[%emt
00:04:09]} 12. Ba2 {[%clk 01:07:05]} {[%emt 00:17:56]} Be6 {[%clk 01:21:14]}
{[%emt 00:01:01]} 13. Bxe6 {[%clk 01:06:40]} {[%emt 00:00:57]} fxe6 {[%clk
01:21:42]} {[%emt 00:00:01]} 14. f5 {[%clk 01:05:44]} {[%emt 00:01:26]} Qe7
{[%clk 01:20:30]} {[%emt 00:01:41]} 15. fxe6 {[%clk 01:04:03]} {[%emt
00:02:12]} Qxe6 {[%clk 01:20:59]} {[%emt 00:00:02]} 16. Nf5 {[%clk 01:04:18]}
{[%emt 00:00:14]} Bc7 {[%clk 01:20:19]} {[%emt 00:01:10]} 17. Neg3 {[%clk
01:02:04]} {[%emt 00:02:45]} Rad8 {[%clk 01:17:00]} {[%emt 00:03:48]} 18. Nh5
{[%clk 00:57:06]} {[%emt 00:05:29]} Rd7 {[%clk 01:10:56]} {[%emt 00:06:31]} 19.
Nhxg7 {[%clk 00:54:50]} {[%emt 00:02:48]} Rxg7 {[%clk 01:10:53]} {[%emt
00:00:33]} 20. Bxh6 {[%clk 00:55:13]} {[%emt 00:00:07]} Rh7 {[%clk 01:05:24]}
{[%emt 00:05:59]} 21. Bxf8 {[%clk 00:51:29]} {[%emt 00:04:15]} Kxf8 {[%clk
01:05:20]} {[%emt 00:00:34]} 22. Qf3 {[%clk 00:45:07]} {[%emt 00:06:52]} Bd8
{[%clk 01:03:13]} {[%emt 00:02:37]} 23. g4 {[%clk 00:41:05]} {[%emt 00:04:31]}
Ke8 {[%clk 01:02:45]} {[%emt 00:00:57]} 24. Kg2 {[%clk 00:40:06]} {[%emt
00:01:30]} Kd7 {[%clk 01:03:10]} {[%emt 00:00:02]} 25. Ng3 {[%clk 00:37:39]}
{[%emt 00:03:00]} Kc7 {[%clk 01:03:29]} {[%emt 00:00:12]} 26. Qf5 {[%clk
00:36:59]} {[%emt 00:01:10]} Qg8 {[%clk 01:02:53]} {[%emt 00:01:05]} 27. Rf3
{[%clk 00:32:38]} {[%emt 00:04:51]} Nd7 {[%clk 01:03:17]} {[%emt 00:00:06]} 28.
Nh5 {[%clk 00:28:06]} {[%emt 00:05:01]} Ne7 {[%clk 01:02:26]} {[%emt 00:01:22]}
29. Qxd7+ {[%clk 00:28:27]} {[%emt 00:00:10]} Kxd7 {[%clk 01:01:58]} {[%emt
00:00:58]} 30. Nf6+ {[%clk 00:28:55]} Kc7 {[%clk 00:57:04]} {[%emt 00:05:25]}
31. Nxg8 {[%clk 00:28:35]} {[%emt 00:00:51]} Nxg8 {[%clk 00:56:23]} {[%emt
00:01:11]} 32. Rf5 {[%clk 00:25:20]} {[%emt 00:03:44]} Re7 {[%clk 00:52:59]}
{[%emt 00:03:54]} 33. Raf1 {[%clk 00:22:10]} {[%emt 00:03:41]} Re6 {[%clk
00:53:22]} {[%emt 00:00:05]} 34. g5 {[%clk 00:20:56]} {[%emt 00:01:45]} Ne7
{[%clk 00:53:04]} {[%emt 00:00:48]} 35. Rf6 {[%clk 00:17:23]} {[%emt 00:04:04]}
Kd7 {[%clk 00:49:46]} {[%emt 00:03:48]} 36. Rxe6 {[%clk 00:15:29]} {[%emt
00:02:24]} Kxe6 {[%clk 00:49:36]} {[%emt 00:00:40]} 37. Rf6+ {[%clk 00:15:57]}
{[%emt 00:00:02]} Kd7 {[%clk 00:49:13]} {[%emt 00:00:53]} 38. Rxa6 {[%clk
00:15:11]} {[%emt 00:01:17]} Nc6 {[%clk 00:43:46]} {[%emt 00:05:57]} 39. g6
{[%clk 00:12:24]} {[%emt 00:03:16]} Bf6 {[%clk 00:41:50]} {[%emt 00:02:26]} 40.
h4 {[%clk 00:08:39]} {[%emt 00:04:15]} Bg7 {[%clk 00:41:43]} {[%emt 00:00:37]}
41. h5 {[%clk 00:08:21]} {[%emt 00:00:48]} Bh6 {[%clk 00:42:11]} {[%emt
00:00:01]} 42. Kf3 {[%clk 00:07:15]} {[%emt 00:01:36]} Kc7 {[%clk 00:40:10]}
{[%emt 00:02:33]} 43. Ra8 {[%clk 00:05:15]} {[%emt 00:02:29]} Nd8 {[%clk
00:39:02]} {[%emt 00:01:37]} 44. Ra7+ {[%clk 00:03:02]} {[%emt 00:02:44]} Nb7
{[%clk 00:35:40]} {[%emt 00:03:53]} 45. Kg4 {[%clk 00:02:48]} {[%emt 00:00:44]}
c4 {[%clk 00:34:28]} {[%emt 00:01:41]} 46. b3 {[%clk 00:00:50]} {[%emt
00:02:28]} cxd3 {[%clk 00:32:27]} {[%emt 00:02:31]} 47. cxd3 {[%clk 00:01:12]}
{[%emt 00:00:07]} Kb8 {[%clk 00:31:34]} {[%emt 00:01:24]} 48. Rxb7+ {[%clk
00:01:32]} {[%emt 00:00:10]} Kxb7 {[%clk 00:32:02]} {[%emt 00:00:03]} 49. Kf5
{[%clk 00:01:55]} {[%emt 00:00:07]} Kc7 {[%clk 00:25:20]} {[%emt 00:07:11]} 50.
Kf6 {[%clk 00:01:45]} {[%emt 00:00:39]} Kd7 {[%clk 00:25:16]} {[%emt 00:00:35]}
51. g7 {[%clk 00:01:54]} {[%emt 00:00:21]} 1-0

[Event "Hoogeveen Amateur 1"]
[Site "Hoogeveen, Netherlands"]
[Date "2018.10.21"]
[Round "2.4"]
[White "De Lange, Gerard"]
[Black "Mol, Christiaan"]
[Result "0-1"]
[WhiteElo "1718"]
[BlackElo "1925"]

1. d4 {[%clk 01:30:49]} {[%emt 00:00:10]} Nf6 {[%clk 01:30:56]} {[%emt
00:00:04]} 2. c4 {[%clk 01:30:57]} {[%emt 00:00:22]} g6 {[%clk 01:31:22]}
{[%emt 00:00:05]} 3. Nc3 {[%clk 01:31:17]} {[%emt 00:00:10]} d5 {[%clk
01:31:46]} {[%emt 00:00:06]} 4. cxd5 {[%clk 01:31:25]} {[%emt 00:00:21]} Nxd5
{[%clk 01:32:11]} {[%emt 00:00:05]} 5. e4 {[%clk 01:31:38]} {[%emt 00:00:17]}
Nxc3 {[%clk 01:30:42]} {[%emt 00:02:00]} 6. bxc3 {[%clk 01:31:58]} {[%emt
00:00:09]} c5 {[%clk 01:30:41]} {[%emt 00:00:31]} 7. d5 {[%clk 01:31:53]}
{[%emt 00:00:35]} Bg7 {[%clk 01:30:21]} {[%emt 00:00:50]} 8. Bd2 {[%clk
01:31:50]} {[%emt 00:00:34]} O-O {[%clk 01:29:51]} {[%emt 00:01:00]} 9. Nf3
{[%clk 01:31:57]} {[%emt 00:00:22]} e6 {[%clk 01:20:26]} {[%emt 00:09:55]} 10.
Qb3 {[%clk 01:30:17]} {[%emt 00:02:10]} exd5 {[%clk 01:19:39]} {[%emt
00:01:17]} 11. Qxd5 {[%clk 01:29:59]} {[%emt 00:00:48]} Qxd5 {[%clk 01:09:24]}
{[%emt 00:10:45]} 12. exd5 {[%clk 01:29:59]} {[%emt 00:00:30]} Re8+ {[%clk
01:09:43]} {[%emt 00:00:11]} 13. Be2 {[%clk 01:29:26]} {[%emt 00:01:04]} Bf5
{[%clk 01:06:35]} {[%emt 00:03:38]} 14. Kd1 {[%clk 01:27:41]} {[%emt 00:02:14]}
Na6 {[%clk 01:02:27]} {[%emt 00:04:39]} 15. Rc1 {[%clk 01:26:46]} {[%emt
00:01:25]} Bd7 {[%clk 00:52:04]} {[%emt 00:10:53]} 16. Bd3 {[%clk 01:25:41]}
{[%emt 00:01:34]} b5 {[%clk 00:51:12]} {[%emt 00:01:22]} 17. Re1 {[%clk
01:24:48]} {[%emt 00:01:23]} c4 {[%clk 00:50:05]} {[%emt 00:01:38]} 18. Rxe8+
{[%clk 01:21:14]} {[%emt 00:04:03]} Rxe8 {[%clk 00:50:17]} {[%emt 00:00:18]} 19.
Be2 {[%clk 01:21:02]} {[%emt 00:00:42]} Nc5 {[%clk 00:45:52]} {[%emt 00:04:55]}
20. Ne1 {[%clk 01:18:58]} {[%emt 00:02:33]} Ne4 {[%clk 00:44:37]} {[%emt
00:01:46]} 21. Nf3 {[%clk 01:18:00]} {[%emt 00:01:27]} Nxf2+ {[%clk 00:44:49]}
{[%emt 00:00:19]} 0-1

[Event "Hoogeveen Amateur 1"]
[Site "Hoogeveen, Netherlands"]
[Date "2018.10.21"]
[Round "2.6"]
[White "Basa, Manasvita"]
[Black "Martinez, Anna"]
[Result "1/2-1/2"]
[WhiteElo "1409"]
[BlackElo "1846"]

1. e4 {[%clk 01:30:58]} {[%emt 00:00:02]} c5 {[%clk 01:30:54]} {[%emt
00:00:06]} 2. Nc3 {[%clk 01:31:21]} {[%emt 00:00:06]} e6 {[%clk 01:31:08]}
{[%emt 00:00:16]} 3. f4 {[%clk 01:31:47]} {[%emt 00:00:05]} Nc6 {[%clk
01:30:30]} {[%emt 00:01:08]} 4. Nf3 {[%clk 01:32:05]} {[%emt 00:00:12]} a6
{[%clk 01:27:01]} {[%emt 00:04:00]} 5. d3 {[%clk 01:32:16]} {[%emt 00:00:18]}
d5 {[%clk 01:19:32]} {[%emt 00:08:00]} 6. Bd2 {[%clk 01:32:16]} {[%emt
00:00:29]} b5 {[%clk 01:09:19]} {[%emt 00:10:43]} 7. g3 {[%clk 01:30:09]}
{[%emt 00:02:36]} Bb7 {[%clk 01:05:58]} {[%emt 00:03:53]} 8. Bg2 {[%clk
01:30:12]} {[%emt 00:00:26]} d4 {[%clk 00:54:18]} {[%emt 00:12:10]} 9. Ne2
{[%clk 01:30:30]} {[%emt 00:00:12]} f5 {[%clk 00:52:54]} {[%emt 00:01:54]} 10.
O-O {[%clk 01:24:31]} {[%emt 00:06:28]} Nf6 {[%clk 00:52:12]} {[%emt 00:01:13]}
11. Nh4 {[%clk 01:13:21]} {[%emt 00:11:39]} g6 {[%clk 00:46:29]} {[%emt
00:06:14]} 12. Kh1 {[%clk 01:12:20]} {[%emt 00:01:30]} Bg7 {[%clk 00:43:42]}
{[%emt 00:03:18]} 13. Ng1 {[%clk 01:12:28]} {[%emt 00:00:22]} O-O {[%clk
00:42:48]} {[%emt 00:01:23]} 14. Nh3 {[%clk 01:12:37]} {[%emt 00:00:21]} Qd7
{[%clk 00:37:08]} {[%emt 00:06:11]} 15. Qe2 {[%clk 01:05:50]} {[%emt 00:07:16]}
Rfe8 {[%clk 00:35:28]} {[%emt 00:02:10]} 16. Rae1 {[%clk 00:54:25]} {[%emt
00:11:56]} Rad8 {[%clk 00:33:54]} {[%emt 00:02:04]} 17. Nf2 {[%clk 00:53:37]}
{[%emt 00:01:17]} fxe4 {[%clk 00:18:34]} {[%emt 00:15:51]} 18. dxe4 {[%clk
00:51:52]} {[%emt 00:02:15]} c4 {[%clk 00:18:31]} {[%emt 00:00:33]} 19. Qf3
{[%emt 00:05:39]} Ne7 {[%clk 00:17:33]} {[%emt 00:01:25]} 20. Ng4 {[%clk
00:43:30]} {[%emt 00:03:45]} Nf5 {[%clk 00:14:22]} {[%emt 00:03:42]} 21. Nxf6+
{[%clk 00:36:52]} {[%emt 00:07:07]} Bxf6 {[%clk 00:14:39]} {[%emt 00:00:13]} 22.
Qg4 {[%clk 00:37:03]} {[%emt 00:00:19]} Nxh4 {[%clk 00:13:43]} {[%emt
00:01:27]} 23. gxh4 {[%clk 00:37:23]} {[%emt 00:00:10]} Kh8 {[%clk 00:13:29]}
{[%emt 00:00:44]} 24. Rf3 {[%clk 00:27:16]} {[%emt 00:10:36]} Qe7 {[%clk
00:11:54]} {[%emt 00:02:06]} 25. Rh3 {[%clk 00:26:41]} {[%emt 00:01:04]} e5
{[%clk 00:06:44]} {[%emt 00:05:42]} 26. h5 {[%clk 00:22:41]} {[%emt 00:04:29]}
gxh5 {[%clk 00:06:20]} {[%emt 00:00:53]} 27. Qxh5 {[%clk 00:23:03]} {[%emt
00:00:09]} exf4 {[%clk 00:06:01]} {[%emt 00:00:49]} 28. Bxf4 {[%clk 00:23:22]}
{[%emt 00:00:11]} Rg8 {[%clk 00:04:21]} {[%emt 00:02:11]} 29. Bf3 {[%clk
00:16:39]} {[%emt 00:07:11]} d3 {[%clk 00:03:44]} {[%emt 00:01:08]} 30. e5
{[%clk 00:14:55]} {[%emt 00:02:14]} Bxf3+ {[%clk 00:03:52]} {[%emt 00:00:21]}
31. Rxf3 {[%clk 00:15:18]} {[%emt 00:00:07]} dxc2 {[%clk 00:03:24]} {[%emt
00:00:58]} 32. Rff1 {[%clk 00:12:15]} {[%emt 00:03:34]} Rd1 {[%clk 00:03:08]}
{[%emt 00:00:46]} 33. Qf3 {[%clk 00:10:45]} {[%emt 00:01:59]} Bg5 {[%clk
00:00:52]} {[%emt 00:02:46]} 34. Bxg5 {[%clk 00:08:41]} {[%emt 00:02:35]} Rxg5
{[%clk 00:01:22]} {[%emt 00:00:01]} 35. Rxd1 {[%clk 00:08:37]} {[%emt
00:00:33]} cxd1=Q {[%clk 00:01:44]} {[%emt 00:00:08]} 36. Rxd1 {[%clk
00:08:56]} {[%emt 00:00:12]} Rxe5 {[%clk 00:02:07]} {[%emt 00:00:06]} 37. Rg1
{[%clk 00:05:42]} {[%emt 00:03:44]} 1/2-1/2

[Event "Hoogeveen Amateur 1"]
[Site "Hoogeveen, Netherlands"]
[Date "2018.10.21"]
[Round "2.7"]
[White "Klapwijk, Leo"]
[Black "Benninga, Mark"]
[Result "1-0"]
[WhiteElo "1825"]
[BlackElo "1711"]

1. e4 {[%clk 01:30:46]} {[%emt 00:00:05]} e6 {[%clk 01:30:48]} 2. d4 {[%clk
01:30:36]} {[%emt 00:01:00]} c5 {[%clk 01:31:02]} {[%emt 00:00:16]} 3. Nf3
{[%clk 01:29:10]} {[%emt 00:01:57]} cxd4 {[%clk 01:31:08]} {[%emt 00:00:23]} 4.
Nxd4 {[%clk 01:27:22]} {[%emt 00:02:18]} d5 {[%clk 01:28:04]} {[%emt 00:03:34]}
5. exd5 {[%clk 01:18:21]} {[%emt 00:09:31]} Qxd5 {[%clk 01:27:01]} {[%emt
00:01:34]} 6. Bb5+ {[%clk 01:13:40]} {[%emt 00:05:11]} Bd7 {[%clk 01:23:36]}
{[%emt 00:03:54]} 7. Bxd7+ {[%clk 01:11:37]} {[%emt 00:02:33]} Nxd7 {[%clk
01:23:23]} {[%emt 00:00:42]} 8. O-O {[%clk 01:11:54]} {[%emt 00:00:14]} Bc5
{[%clk 01:21:43]} {[%emt 00:02:10]} 9. Be3 {[%clk 01:11:06]} {[%emt 00:01:18]}
Bxd4 {[%clk 01:20:24]} {[%emt 00:01:49]} 10. Bxd4 {[%clk 01:10:29]} {[%emt
00:01:07]} e5 {[%clk 01:20:13]} {[%emt 00:00:41]} 11. Re1 {[%clk 01:09:41]}
{[%emt 00:01:18]} O-O-O {[%clk 01:19:43]} {[%emt 00:01:01]} 12. Bc3 {[%clk
01:08:39]} {[%emt 00:01:32]} Qxd1 {[%clk 01:18:49]} {[%emt 00:01:23]} 13. Rxd1
{[%clk 01:08:54]} {[%emt 00:00:15]} f6 {[%clk 01:18:03]} {[%emt 00:01:17]} 14.
Na3 {[%clk 01:07:38]} {[%emt 00:01:46]} a6 {[%clk 01:16:18]} {[%emt 00:02:14]}
15. Nc4 {[%clk 01:07:41]} {[%emt 00:00:28]} Nh6 {[%clk 01:15:28]} {[%emt
00:01:19]} 16. Rd5 {[%emt 00:05:48]} b5 17. Nd6+ Kb8 18. Ba5 Rdf8 19. Rad1 e4
20. Nxb5 {[%clk 01:02:22]} Ne5 {[%clk 01:04:45]} {[%emt 00:22:40]} 21. Nd6
{[%clk 00:49:33]} {[%emt 00:05:54]} Nhf7 {[%clk 01:04:43]} {[%emt 00:00:32]} 22.
Nxe4 {[%clk 00:48:40]} {[%emt 00:01:22]} Nc4 {[%clk 01:03:47]} {[%emt
00:01:26]} 23. Bc3 {[%clk 00:45:33]} {[%emt 00:03:37]} Re8 {[%clk 01:03:45]}
{[%emt 00:00:32]} 24. Nc5 {[%clk 00:45:26]} {[%emt 00:00:37]} Re6 {[%clk
01:03:19]} {[%emt 00:00:56]} 25. Nxe6 {[%clk 00:43:58]} {[%emt 00:01:57]} 1-0